Central Library OPAC University of Rajshahi

Cost accounting : (Record no. 38437)

MARC details
000 -LEADER
fixed length control field 00620nam a2200217 a 4500
001 - CONTROL NUMBER
control field 38437
003 - CONTROL NUMBER IDENTIFIER
rucl marc code BD-RjUL
005 - DATE AND TIME OF LATEST TRANSACTION
control field 20211209052810.0
008 - FIXED-LENGTH DATA ELEMENTS--GENERAL INFORMATION
fixed length control field 151201s1985 ii a|||| |||| 00| 0 eng d
035 ## - SYSTEM CONTROL NUMBER
System control number (BD-RjUL)
040 ## - CATALOGING SOURCE
Original cataloging agency BD-RjUL
Language of cataloging eng
Transcribing agency BD-RjUL
041 ## - LANGUAGE CODE
Language code of text/sound track or separate title eng
082 ## - DEWEY DECIMAL CLASSIFICATION NUMBER
Classification number 657.42
Author mark and year JA 1985
100 ## - MAIN ENTRY--PERSONAL NAME
Personal name Jain, S. P.
9 (RLIN) 118709
245 ## - TITLE STATEMENT
Title Cost accounting :
Remainder of title Principles and practice /
Statement of responsibility, etc. S.P. Jain, K.L. Narang.
260 ## - PUBLICATION, DISTRIBUTION, ETC. (IMPRINT)
Place of publication, distribution, etc. New Delhi :
Name of publisher, distributor, etc. Kalyani Publishers,
Date of publication, distribution, etc. 1985
300 ## - PHYSICAL DESCRIPTION
Pagination various pagins :
Illustrations ill.;
Size 22 cm.
650 ## - SUBJECT ADDED ENTRY--TOPICAL TERM
Topical term or geographic name as entry element Cost accounting
9 (RLIN) 117440
700 ## - ADDED ENTRY--PERSONAL NAME
Personal name Narang, K.L.
942 ## - ADDED ENTRY ELEMENTS (KOHA)
Source of classification or shelving scheme Dewey Decimal Classification
Koha item type Books
Holdings
Lost status Source of classification or shelving scheme Damaged status Not for loan Collection code Permanent Location Current Location Shelving location Date acquired Source of acquisition Cost, normal purchase price Total Checkouts Full call number Date last seen Copy number Koha item type
  Dewey Decimal Classification     Non-fiction Central Library, University of Rajshahi Central Library, University of Rajshahi   04/12/1986 Toppam & Tulip. 5.90   657.42 JAC 1985 03/12/2015 C-2 Books